| 000 | 01374cam a22003377a 4500 | ||
|---|---|---|---|
| 999 |
_c330525 _d330525 |
||
| 001 | 17482683 | ||
| 003 | ASAB | ||
| 005 | 20170718165137.0 | ||
| 008 | 121003s2012 ii a b 001 0 eng d | ||
| 010 | _a 2012471693 | ||
| 016 | 7 |
_a015968132 _2Uk |
|
| 020 | _a9789350254844 (pbk.) | ||
| 020 | _a81-8448-134-9 | ||
| 020 | _a9350254840 (pbk.) | ||
| 035 | _a(OCoLC)ocn769627007 | ||
| 040 | _cASAB | ||
| 042 | _alccopycat | ||
| 050 | 0 | 0 |
_aQP514.2 _b.C484 2012 |
| 082 | 0 | 0 |
_a612.015 _223 |
| 100 | 1 |
_aChatterjea, M. N. _93416 |
|
| 245 | 1 | 0 |
_aTextbook of medical biochemistry / _cMN Chatterjea, Rana Shinde. |
| 246 | 1 | _aMedical biochemistry | |
| 250 | _a7th ed. | ||
| 260 |
_aNew Delhi : _bJaypee Brothers Medical Publications (P) Ltd., _cc2008. |
||
| 300 |
_axvii, 809 p. : _bill. (some col.) ; _c28 cm. |
||
| 504 | _aIncludes bibliographical references (p. [859]-860) and index. | ||
| 505 | 0 | _aSec. 1. Cell biology -- Sec. 2. Chemistry of biomolecules -- Sec. 3. Molecular biology -- Sec. 4. Metabolism -- Sec. 5. Clinical biochemistry -- Sec. 6. Miscellaneous. | |
| 650 | 0 |
_aBiochemistry. _92455 |
|
| 650 | 0 |
_aClinical biochemistry. _93417 |
|
| 700 | 1 |
_aShinde, Rana. _93418 |
|
| 906 |
_a7 _bcbc _ccopycat _d2 _encip _f20 _gy-gencatlg |
||
| 942 |
_2ddc _cBK |
||